New rating act gains Royal Assent (Record no. 67036)

MARC details
000 -LEADER
fixed length control field 00792cam a2200205 4500
001 - CONTROL NUMBER
control field WB3719-32
008 - FIXED-LENGTH DATA ELEMENTS--GENERAL INFORMATION
fixed length control field 000000n2001 000 0 eng u
035 ## - SYSTEM CONTROL NUMBER
System control number (Sirsi) u112613
245 ## - TITLE STATEMENT
Title New rating act gains Royal Assent
260 ## - PUBLICATION, DISTRIBUTION, ETC.
Date of publication, distribution, etc. 2001
490 ## - SERIES STATEMENT
Series statement DETR News Release
Volume/sequential designation (274) 11 May 2001, (1)
520 ## - SUMMARY, ETC.
Summary, etc. The Rating (Former Agricultural Premises and Rural Shops) Act 2001 has received Royal Assent. This will provide a mandatory 50% rate relief to all new small-scale non-agricultural businesses on farms, to assist with diversification.
590 ## - LOCAL NOTE (RLIN)
Local note WB
650 ## - SUBJECT ADDED ENTRY--TOPICAL TERM
Topical term or geographic name entry element RATING (FORMER AGRICULTURAL PREMISES AND RURAL SHOPS) ACT 2001
650 ## - SUBJECT ADDED ENTRY--TOPICAL TERM
Topical term or geographic name entry element RURAL BUSINESSES
650 ## - SUBJECT ADDED ENTRY--TOPICAL TERM
Topical term or geographic name entry element DIVERSIFICATION
650 ## - SUBJECT ADDED ENTRY--TOPICAL TERM
Topical term or geographic name entry element RATE RELIEF
690 ## - LOCAL SUBJECT ADDED ENTRY--TOPICAL TERM (OCLC, RLIN)
Topical term or geographic name as entry element RATING AND LOCAL TAXATION
942 ## - ADDED ENTRY ELEMENTS (KOHA)
Suppress in OPAC 0
Holdings
Withdrawn status Lost status Source of classification or shelving scheme Damaged status Not for loan Home library Current library Shelving location Date acquired Total Checkouts Full call number Barcode Date last seen Copy number Price effective from Koha item type
    Dewey Decimal Classification     London London News article 16/05/2001   WB3719-32 112613-1001 06/08/2019 1 06/08/2019 News article